Medzinárodný obchod so službami cestovného ruchu v krajinách EÚ diplomová práca

Guardado en:
Detalles Bibliográficos
Autor principal: Gáll, Jozef, 1991-
Autor Corporativo: Obchodná fakulta EU. Katedra služieb a cestovného ruchu - zrušené
Otros Autores: Krošláková, Monika, 1975-
Formato: Libro
Lenguaje:eslovaco
Publicado: Bratislava 2018
Etiquetas: Agregar Etiqueta
Sin Etiquetas, Sea el primero en etiquetar este registro!

MARC

LEADER 00000nbm a2200000 4500
001 0243263
005 20180904142659.1
041 0 |a slo 
044 |a SK 
245 1 0 |a Medzinárodný obchod so službami cestovného ruchu v krajinách EÚ  |b diplomová práca  |c Jozef Gáll ; školiteľ: Monika Krošláková 
264 1 |a Bratislava  |c 2018 
300 |a 75 s. 
100 1 |a Gáll, Jozef, 1991- 
700 1 |a Krošláková, Monika, 1975- 
710 2 |a Obchodná fakulta EU. Katedra služieb a cestovného ruchu - zrušené